000 00567nam a2200229Ia 4500
003 OSt
005 20220924135432.0
006 a|||||r|||| 00| 0
007 ta
008 220923b |||||||| |||| 00| 0 ben d
024 _a291199
037 _cTextual
040 _aARTS
_cARTS
_bben
041 _2ben
_aben
082 _aO152,1N10,2, 157L5
100 _aMahmood
_9210340
245 0 _aKutajmala
260 _c1975
650 _aHINDI LITERATURE
_923866
942 _hO152,1N10,2, 157L5
_cTEXL
_2CC
999 _c440721
_d440721